Questions-réponses sur Malines - Statistiques

Statistiques générales
  • Ce quiz a été pris 4 fois
  • Le résultat moyen est 16 sur 20
Statistiques - réponses
Questions Réponses % Correct
Province dans laquelle se situe Malines. Anvers
100%
En 1559, lors de la réorganisation des structures ecclésiastiques dans les Pays-Bas, fut créé l'_________ de Malines. Archidiocèse
100%
Animaux (un mammifère et un oiseau) dont le malinois est une race. Le chien
100%
Pays qui bombarda Malines le 1er mai 1944 faisant 171 morts et 123 blessés, détruisant des quartiers entiers. La ville fut également bombardée, le 19 avril et les 6,7, 11 et 25 mai. Le Royaume-Uni
100%
Nom flamand/néerlandais de Malines. Mechelen
100%
En 1832, deux ans après l'indépendance de la Belgique, le palais archiépiscopal de Malines devint la résidence d'Engelbert Sterckx, qui deviendra le premier ____ de Belgique, puis de ses successeurs. Primat
100%
Années dès deux prises de Malines par la République révolutionnaire française. 1792
75%
Années dès deux prises de Malines par la République révolutionnaire française. 1794
75%
Rivière qui traverse Malines. La Dyle
75%
Département français auquel était alors comparé la Belgique et en particulier la région de Malines (réponse #10) pour le nombre de ses insurgés contre-révolutionnaires. La Vendée
75%
Sport dans lequel le club de Malines aujourd'hui disparu fut à 15 reprises champion national et finaliste d'une coupe européenne. Le basketball
75%
Volaille de grande taille, grosse productrice de chair blanche très fine, qui est la spécialité culinaire de la ville. Le coucou de Malines
75%
Sport dans lequel le club de Malines fut le dernier (en avril 2023) club belge à remporter une coupe européenne. Le football
75%
Astronome et prêtre formé au Grand séminaire de Malines qui découvrit la théorie du Big Bang. Le Père Georges Lemaître
75%
Rivière dont la précédente est un affluent. Le Rupel
75%
Fleuve dont la rivière traversant Malines est un sous-affluent. L'Escaut
75%
Au cours de cette guerre, des insurgés contre-révolutionnaires venus des campagnes prirent Malines l'espace d'une journée avant que la ville ne fût reprise par l'occupant révolutionnaire français le lendemain. 41 prisonniers furent alors fusillés devant la cathédrale. La Guerre des Paysans
50%
Animaux (un mammifère et un oiseau) dont le malinois est une race. Le canari
50%
Régime politique qui gouvernait la France à l'époque de cette guerre-là. Le Directoire
50%
Département créé par l'occupant français et disparu à la chute de Bonaparte qui comprenait entre autres Malines et Anvers. Les Deux Nèthes
50%
Aucun quiz correspondant
Distribution des résultats
% des personnes avec chaque résultat
Percentile par nombre de réponses
Votre historique - résultats
Vous n’avez pas pris ce quiz